| 000 | 00602nam a2200193Ia 4500 | ||
|---|---|---|---|
| 008 | 090124s9999 xx 000 0 und d | ||
| 082 |
_b32555 _a2270 |
||
| 100 | _aपेरेइरा ए. पी. | ||
| 245 | _a तीन दिवसात यश | ||
| 250 | _a1 | ||
| 260 | _c2004 | ||
| 300 | _a142 | ||
| 600 | _aपेरेइरा ए. पी. | ||
| 630 | _a तीन दिवसात यश | ||
| 700 | _aदेशपांडे विश्र्वनाथ | ||
| 700 | _aपेरेइरा ए. पी. | ||
| 730 | _a तीन दिवसात यश | ||
| 942 | _cBOOK | ||
| 999 |
_c146034 _d146034 |
||